|
|
|
|
| LEADER |
00000cam a2200000 7i4500 |
| 001 |
0000003442 |
| 005 |
20060321.0 |
| 090 |
0 |
0 |
|a 333.73
|b GAR
|
| 245 |
1 |
0 |
|a Garis Panduan Bagi menyepadukan pemuliharaan dan pengguaan bijak tanah lembap ke dalam pengurusan lembangan sungai :
|b (Diubah suai untuk Asia Tenggara)
|c editor oleh O.M. Chew and F. Parish
|c disunting oleh Faridah Malik Shari & Azli Abu Bakar
|
| 260 |
0 |
0 |
|a Kuala Lumpur :
|b Global Environment Centre ,
|c 2003
|
| 300 |
|
|
|a v, 37 p. :
|b ill. ;
|c 30 cm.
|
| 650 |
0 |
0 |
|a Ecosystem management
|x Handbooks, manual, etc.
|
| 650 |
0 |
0 |
|a Land economics
|x Management
|x Handbooks, manual, etc.
|
| 700 |
1 |
1 |
|a Chew, O.M.
|
| 700 |
1 |
1 |
|a Parish, F.
|
| 710 |
2 |
1 |
|a Global Environment Centre
|
| 999 |
|
|
|a 0000005585
|b Monograph
|c Open Shelf
|e Default branch
|
| 999 |
|
|
|a 0000005586
|b Monograph
|c Open Shelf
|e Default branch
|
| 999 |
|
|
|a 0000005587
|b Monograph
|c Open Shelf
|e Default branch
|